|
|
|
|
| LEADER |
02514nam a2200637 a 4500 |
| 001 |
nkc20152652774 |
| 003 |
CZ PrNK |
| 005 |
20150211065425.0 |
| 007 |
ta |
| 008 |
150106s2014 xr ach f 001 0 cze |
| 015 |
|
|
|a cnb002652774
|
| 020 |
|
|
|a 978-80-87277-06-5
|q (váz.) :
|c Kč 290,00
|
| 035 |
|
|
|a (OCoLC)904579997
|
| 040 |
|
|
|a OLA001
|b cze
|
| 043 |
|
|
|a e-xr---
|b e-xr-jc
|2 czenas
|
| 045 |
|
|
|a x-y-
|
| 072 |
|
7 |
|a 620.9
|x Energetika
|2 Konspekt
|9 19
|
| 080 |
|
|
|a 620.9
|2 MRF
|
| 080 |
|
|
|a 621.311.2
|2 MRF
|
| 080 |
|
|
|a 697.34
|2 MRF
|
| 080 |
|
|
|a 334.72(091)
|2 MRF
|
| 080 |
|
|
|a (437.319)
|2 MRF
|
| 080 |
|
|
|a (048.8)
|2 MRF
|
| 080 |
|
|
|a (084.12)
|2 MRF
|
| 100 |
1 |
|
|a Binder, Milan,
|d 1964-
|7 mzk2005300821
|4 aut
|
| 245 |
1 |
0 |
|a Českobudějovická teplárna :
|b od elektrárny a vozovny tramvají k modernímu podniku /
|c Milan Binder, Jan Schinko
|
| 250 |
|
|
|a 1. vyd.
|
| 260 |
|
|
|a České Budějovice :
|b Milan Binder,
|c 2014
|
| 300 |
|
|
|a 155 s. :
|b il. (některé barev.), portréty, faksim. ;
|c 23 cm
|
| 490 |
1 |
|
|a Budějovický městopis ;
|v 3
|
| 500 |
|
|
|a 2000 výt.
|
| 500 |
|
|
|a Obsahuje rejstřík
|
| 648 |
|
7 |
|a 20.-21. století
|7 ch462155
|2 czenas
|
| 650 |
0 |
7 |
|a energetika
|7 ph114471
|z Česko
|y 20.-21. stol.
|2 czenas
|
| 650 |
0 |
7 |
|a elektrárny
|7 ph114462
|z Česko
|y 20.-21. stol.
|2 czenas
|
| 650 |
0 |
7 |
|a teplárny
|7 ph118939
|z Česko
|y 20.-21. stol.
|2 czenas
|
| 650 |
0 |
7 |
|a dějiny podniků
|7 ph506474
|z Česko
|y 20.-21. stol.
|2 czenas
|
| 650 |
0 |
9 |
|a energy industries
|z Czechia
|y 20th-21st centuries
|2 eczenas
|
| 650 |
0 |
9 |
|a electric power plants
|z Czechia
|y 20th-21st centuries
|2 eczenas
|
| 650 |
0 |
9 |
|a heating power stations
|z Czechia
|y 20th-21st centuries
|2 eczenas
|
| 650 |
0 |
9 |
|a history of business enterprises
|z Czechia
|y 20th-21st centuries
|2 eczenas
|
| 655 |
|
7 |
|a monografie
|7 fd132842
|2 czenas
|
| 655 |
|
7 |
|a fotografické publikace
|7 fd132276
|2 czenas
|
| 655 |
|
9 |
|a monographs
|2 eczenas
|
| 655 |
|
9 |
|a photographical works
|2 eczenas
|
| 610 |
2 |
7 |
|a Jihočeská energetika (firma)
|7 ko2004229901
|2 czenas
|
| 610 |
2 |
7 |
|a Teplárna České Budějovice
|7 xx0030144
|2 czenas
|
| 651 |
|
7 |
|a České Budějovice (Česko)
|7 ge131699
|x dějiny
|2 czenas
|
| 651 |
|
9 |
|a České Budějovice (Czechia)
|x history
|2 eczenas
|
| 700 |
1 |
|
|a Schinko, Jan,
|d 1943-
|7 ola2006329854
|4 aut
|
| 830 |
|
0 |
|a Budějovický městopis
|0 s
|
| 910 |
2 |
|
|a BOA001
|b 2-1336.716
|
| 990 |
|
|
|a BK
|
| 995 |
|
|
|a 01
|
| 991 |
|
|
|b 201502
|c NOV
|e n
|
| 996 |
6 |
|
|b 2610618885
|c 2-1336.716
|l MZK
|r Sklad / do 1 hodiny
|n 3
|p p.v.
|w 001483893
|u 000010
|a 1
|e BOA001
|j MZK50
|s P
|